000 00977nam a22002057a 4500
999 _c62840
_d62840
005 20251125233059.0
008 s2554 th ||||| |||| 00| 0 tha d
040 _aNALT
050 _aJC433 พ264พ 2554
100 0 _aพรรณพร สินสวัสดิ์
245 1 0 _aพัฒนาประชาธิปไตย...พัฒนาการเมืองไทย
260 3 _aกรุงเทพฯ :
_bสำนักประชาสัมพันธ์ สำนักงานเลขาธิการสภาผู้แทนราษฎร,
_c2554
300 _a48 หน้า :
_b ภาพประกอบ ;
_c 21 ซม.
650 0 4 _aการมีส่วนร่วมของประชาชน
650 0 4 _aประชาธิปไตย
850 _aNALT
856 4 0 _uhttps://hdl.handle.net/20.500.14156/338236
942 _cGB
_2lcc